000 00507nam a2200181Ia 4500
003 GCL
008 140319s9999 xx 000 0 ara d
040 _aGCL /
_cGCL
082 0 4 _aط
_b507
_bد ك
100 1 _aدار الشروق
245 1 0 _aالنجوم والكواكب /
_cدار الشروق
260 _a[S.N] :
_bدار الشروق
490 _aكتاب العالم الناشى عن:-
_v0
650 0 4 _aالفضاء
650 0 4 _aاطفال
650 0 4 _aالكواكب
942 _2ddc
_cBK
999 _c56800
_d56800